La socialisation : Construction des identités sociales et professionnelles (notice n° 2198600)
[ vue normale ]
| 000 -LEADER | |
|---|---|
| fixed length control field | 01413cam a2200133 4500500 |
| 005 - DATE AND TIME OF LATEST TRANSACTION | |
| control field | 20260405085551.0 |
| 041 ## - LANGUAGE CODE | |
| Language code of text/sound track or separate title | fre |
| 042 ## - AUTHENTICATION CODE | |
| Authentication code | dc |
| 100 10 - MAIN ENTRY--PERSONAL NAME | |
| Personal name | Dubar, Claude |
| Relator term | author |
| 245 00 - TITLE STATEMENT | |
| Title | La socialisation : Construction des identités sociales et professionnelles |
| 260 ## - PUBLICATION, DISTRIBUTION, ETC. | |
| Name of publisher, distributor, etc. | Armand Colin,<br/> |
| Date of publication, distribution, etc. | 2022.<br/> |
| 520 ## - SUMMARY, ETC. | |
| Summary, etc. | Pourquoi parler de crise des identités ? Cette expression renvoie à des phénomènes multiples : difficultés d’insertion professionnelle des jeunes, montée de nouvelles exclusions sociales, brouillage des catégories servant à se définir et à définir les autres... Comprendre comment se reproduisent et se transforment les identités sociales implique d’éclairer les processus de socialisation par lesquels elles se construisent et se reconstruisent tout au long de la vie. La dimension professionnelle des identités a acquis avec la modernité une importance toute particulière. La socialisation secondaire – à l’âge adulte – est devenue indispensable pour affronter les changements de plus en plus fréquents dans les cycles de vie et les impératifs de la construction identitaire. Ce livre fournit des instruments d’analyse et des résultats empiriques pour saisir la dynamique en cours de la socialisation professionnelle et des identités sociales. |
| 856 41 - ELECTRONIC LOCATION AND ACCESS | |
| Uniform Resource Identifier | <a href="https://shs.cairn.info/la-socialisation--9782200631345?lang=fr&redirect-ssocas=7080">https://shs.cairn.info/la-socialisation--9782200631345?lang=fr&redirect-ssocas=7080</a> |
Pas d'exemplaire disponible.




Réseaux sociaux